000 00452nam a2200169Ia 4500
003 GCL
008 140319s9999 xx 000 0 eng d
040 _aGCL /
_cGCL
082 0 4 _a952
_bL T
100 1 _aLEGGETT, TREVOR
245 1 0 _aTHREE AGES OF ZEN: SOMURAI,FEUDAL,AND MODERN /
_cLEGGETT, TREVOR
260 _a[S.N] :
_bCHARLES E. TUTTLE COMPANY ،
_c1993
300 _a141P
650 0 4 _aHISTORY - JARAN
650 0 4 _aJAPAN
942 _2ddc
_cBK
999 _c12307
_d12307